000 00357nam a22001571a 4500
020 _a8170550484
082 _aH1
_bSAN/S
100 _aSangram Mishra
245 _aShri yoddha/
_cby Sangram Mishra
260 _aNew Delhi:
_bVani,
_c2003.
300 _a80p.
650 _aPoetry Hindi
650 _aLiterature Hindi
650 _aLiterature
942 _cBK
999 _c41929
_d41929